000 03122cam a2200397 a 4500
001 6450
003 BD-JhCC
005 20230520093429.0
008 061207s2007 nyuaf b 001 0beng
020 _a9780743264730
020 _a0743264738
035 _a(BD-JhCC)6450
035 _a(OCoLC)76961150
040 _aDLC
_cDLC
_dBAKER
_dBTCTA
_dGK8
_dNSB
_dYDXCP
_dC#P
_dBUR
_dDLC
041 _aeng
050 0 0 _aQC16.E5
_bI76 2007
082 0 0 _a530.092
_222
_bISA 2007
100 1 _aIsaacson, Walter.
245 1 0 _aEinstein :
_bhis life and universe /
_cWalter Isaacson.
260 _aNew York :
_bSimon & Schuster,
_cc2007.
300 _axxii, 675, [16] p. of plates :
_bill. ;
_c25 cm.
504 _aIncludes bibliographical references (p. 553-564) and index.
505 0 _aThe light-beam rider -- Childhood, 1879-1896 -- The Zurich Polytechnic, 1896-1900 -- The lovers, 1900-1904 -- The miracle year: quanta and molecules, 1905 -- Special relativity, 1905 -- The happiest thought, 1906-1909 -- The wandering professor, 1909-1914 -- General relativity, 1911-1915 -- Divorce, 1916-1919 -- Einstein's universe, 1916-1919 -- Fame, 1919 -- The wandering Zionist, 1920-1921 -- Nobel laureate, 1921-1927 -- Unified field theories, 1923-1931 -- Turning fifty, 1929-1931 -- Einstein's God -- The refugee, 1932-1933 -- America, 1933-1939 -- Quantum entanglement, 1935 -- The bomb, 1939-1945 -- One-worlder, 1945-1948 -- Landmark, 1948-1953 -- Red scare, 1951-1954 -- The end, 1955 -- Epilogue: Einstein's brain and Einstein's mind.
520 _aThe first full biography of Albert Einstein since all of his papers have become available shows how his scientific imagination sprang from the rebellious nature of his personality. Biographer Isaacson explores how an imaginative, impertinent patent clerk--a struggling father in a difficult marriage who couldn't get a teaching job or a doctorate--became the locksmith of the mysteries of the atom and the universe. His success came from questioning conventional wisdom and marveling at mysteries that struck others as mundane. This led him to embrace a morality and politics based on respect for free minds, free spirits, and free individuals. These traits are just as vital for this new century of globalization, in which our success will depend on our creativity, as they were for the beginning of the last century, when Einstein helped usher in the modern age.--From publisher description.
600 1 0 _aEinstein, Albert,
_d1879-1955.
600 1 0 _aEinstein, Albert,
_d1879-1955
_xFriends and associates.
650 0 _aPhysicists
_vBiography.
650 0 _aRelativity (Physics)
650 0 _aUnified field theories.
856 4 2 _3Publisher description
_uhttp://www.loc.gov/catdir/enhancements/fy0708/2006051264-d.html
856 4 1 _3Sample text
_uhttp://www.loc.gov/catdir/enhancements/fy0745/2006051264-s.html
856 4 1 _3Table of contents only
_uhttp://www.loc.gov/catdir/enhancements/fy0745/2006051264-t.html
856 4 2 _3Contributor biographical information
_uhttp://www.loc.gov/catdir/enhancements/fy1013/2006051264-b.html
942 _2ddc
_cBK
_03
999 _c6450
_d6450